Estación artificial: expresión escénica de exilio
Αποθηκεύτηκε σε:
| Κύριος συγγραφέας: | |
|---|---|
| Μορφή: | Βιβλίο |
| Γλώσσα: | Ισπανικά |
| Έκδοση: |
Quebec
Du Trottoir
2011
|
| Έκδοση: | 1a. ed |
| Σειρά: | Ensayo
|
| Θέματα: | |
| Ετικέτες: |
Προσθήκη ετικέτας
Δεν υπάρχουν, Καταχωρήστε ετικέτα πρώτοι!
|
MARC
| LEADER | 00000cam a2200000 a 4500 | ||
|---|---|---|---|
| 001 | UCE5906 | ||
| 003 | CL-VaPUC | ||
| 008 | 150312e20110000cn |||||||||||||||||spa|d | ||
| 020 | |a 9782981281609 | ||
| 082 | 0 | 4 | |a Ch862 |b KUR |2 21 |
| 100 | |a Kurapel, Alberto |e author |9 736872 | ||
| 245 | 1 | 0 | |a Estación artificial: expresión escénica de exilio |
| 250 | |a 1a. ed | ||
| 300 | |a 285 p | ||
| 942 | |c BK | ||
| 945 | |d 20150312 12:37:00 |a arojas | ||
| 260 | |a Quebec |b Du Trottoir |c 2011 | ||
| 650 | 0 | |a Teatro chileno |9 266701 | |
| 650 | 0 | |a Dramaturgia |9 541836 | |
| 650 | 0 | |a Literatura chilena |9 308278 | |
| 583 | |a last modification |c 20150312 12:37:00 |k Rodrigo Vera | ||
| 490 | 0 | |a Ensayo | |
| 999 | |c 358442 |d 358440 | ||
| 952 | |0 0 |1 0 |3 erb |4 0 |6 CH_862_000000000000000_KUR_2011 |7 0 |8 A |9 467135 |a BIBART |b BIBART |i 5139058 |o Ch862 KUR 2011 |p 5139058 |r 2025-03-13 |w 2019-11-23 |y BK |z Catalogado en:20150312 |k ART | ||